| 000 | 00651nam a22001817a 4500 | ||
|---|---|---|---|
| 999 |
_c15669 _d15669 |
||
| 008 | 201016b ||||| |||| 00| 0 eng d | ||
| 020 | _a9719103043 | ||
| 082 |
_22002 _aDFil 306.08599 _bD34 |
||
| 100 |
_aDe La Torre, Visitacion R. _942404 |
||
| 245 |
_aCultural icons of the Philippines/ _cVisitacion De La Torre. |
||
| 260 |
_aMakati City: _bTower Book House, _c©2002. |
||
| 300 |
_a252 pages; _c31 cm. |
||
| 650 |
_aPhilippines -- Civilization. _942405 |
||
| 650 |
_aPhilippines -- Social life and customs. _942406 |
||
| 650 |
_aPhilippines -- Description and travel. _942407 |
||
| 650 |
_aPhilippines -- Biography. _942408 |
||
| 942 |
_2ddc _cDFIL |
||